Η σημασία της συνδεσιμότητας στον ανταγωνισμό ειδών φυτοπλαγκτού : προσέγγιση με μοντέλο δύο διαμερισμάτων των μονοκατευθυντικής ροής : πτυχιακή εργασία
Αποθηκεύτηκε σε:
| Κύριος συγγραφέας: | |
|---|---|
| Συγγραφή απο Οργανισμό/Αρχή: | |
| Άλλοι συγγραφείς: | |
| Μορφή: | Thesis Βιβλίο |
| Γλώσσα: | Greek |
| Δημοσίευση: |
2014
|
| Θέματα: | |
| Διαθέσιμο Online: | http://hdl.handle.net/11610/7360 |
| Ετικέτες: |
Προσθήκη ετικέτας
Δεν υπάρχουν, Καταχωρήστε ετικέτα πρώτοι!
|
MARC
| LEADER | 00000cam a2200000 i 4500 | ||
|---|---|---|---|
| 001 | 1/64994 | ||
| 008 | 150126s2014 gre d | ||
| 035 | |l 10120697 | ||
| 040 | |a GR-MY-UA |b gre |e aacr | ||
| 041 | 0 | |a gre | |
| 082 | 0 | |a 579.8176 |2 (23) | |
| 100 | 1 | |a Νιάκος, Συμεών. | |
| 245 | 1 | 2 | |a Η σημασία της συνδεσιμότητας στον ανταγωνισμό ειδών φυτοπλαγκτού : |b προσέγγιση με μοντέλο δύο διαμερισμάτων των μονοκατευθυντικής ροής : πτυχιακή εργασία / |c Συμεών Νιάκος ; επιβλέπων καθηγητής: Γεώργιος Τσιρτσής |
| 260 | |c 2014 | ||
| 300 | |a 43 σ.; |b εικ., πίν.; |c 30 εκ. | ||
| 502 | |a Πτυχιακή εργασία – Πανεπιστήμιο Αιγαίου, Λέσβος, 2014. | ||
| 504 | |a Περιλαμβάνει βιβλιογραφία | ||
| 650 | 0 | 0 | |a Phytoplankton |x Ecology. |
| 650 | 0 | 0 | |a Phytoplankton |x Research. |
| 650 | 0 | 0 | |a Plankton |x Ecology. |
| 650 | 0 | 0 | |a Dissertations, Academic |z Greece. |
| 700 | 1 | |a Τσιρτσής, Γεώργιος Ε. |4 ths | |
| 710 | 2 | |a Πανεπιστήμιο Αιγαίου |b Σχολή Περιβάλλοντος |b Τμήμα Επιστημών της Θάλασσας. | |
| 852 | |a INST |b LESVOS |c DIATR |e 20150126 |h 907 |p 005100056170 |q 005100056170 |t DIE |y 23 | ||
| 852 | |a INST |b LESVOS |c DIATR |e 20150126 |h 908 |p 005100056169 |q 005100056169 |t DIE |y 23 | ||
| 856 | |u http://hdl.handle.net/11610/7360 | ||
| 901 | |a BIBL1-2015-1 | ||
| 909 | |a Λ |b 191650 | ||
| 909 | |a Λ |b 191651 | ||
| 924 | |a ΝΙΑΚΟΣ |b ΣΥΜΕΩΝ |y ΛΕΣΒΟΣ |z 2015-01 | ||
| 970 | |a ΤΖΑΦΕΡΗ |b ΕΥΑΓΓΕΛΙΑ |z 2015/01/26 | ||